| 000 | 00451cam a2200181ua 4500 | ||
|---|---|---|---|
| 020 | _c4 | ||
| 041 |
_amal _h |
||
| 082 |
_a894.812301 _bRAJ/SA |
||
| 100 | _aRajarajavarma, Vadkkumkur . | ||
| 245 |
_aSahithya kausthubham / _cVadakkumkur Rajarajavarma. _hTextual Documents |
||
| 250 |
_a1 / _b. |
||
| 260 |
_aThrissur : _bMangalodhayam pvt ltd , _c1954. |
||
| 300 | _a ; . | ||
| 365 | _a4 | ||
| 504 | _a | ||
| 942 | _cBK | ||
| 999 |
_c11596 _d11596 |
||